000 00623nam a2200253Ia 4500
008 210210b1921 xxu||||| |||| 00| 0 eng d
041 _aeng
082 _a541.9 SPEE
100 _aSPENCER (James frederick)
245 _aExperimental course of physical chemistry part 1
_bStatical experiments
260 _aLondon
_bG Bell & sons, Ltd.,
_c1921
300 _axvi,248
650 _aStatical
650 _aphysical
650 _apart
650 _aof
650 _aexperiments
650 _aExperimental
650 _acourse
650 _achemistry
650 _a1
690 _aChemistry
906 _a009949
999 _c140565
_d140565